[Event "Tuapse op"]
[Site "Tuapse"]
[Date "2022.06.17"]
[Round "1"]
[White "Grachev, Boris V"]
[Black "Koshevarov, Alexander"]
[Result "1-0"]
[WhiteElo "2617"]
[BlackElo "1989"]
[PlyCount "65"]
[EventDate "2022.06.17"]
[EventType "swiss"]
[EventRounds "9"]
[EventCountry "RUS"]
[SourceTitle "CBM 209 Extra"]
[Source "ChessBase"]
[SourceDate "2022.09.30"]
[SourceVersion "1"]
[SourceVersionDate "2022.09.30"]
[SourceQuality "1"]

1. Nf3 Nf6 2. c4 g6 3. Nc3 Bg7 4. g3 d6 5. Bg2 0-0 6. 0-0 a6 7. d4 Nc6 8. d5 Na5 9. b3 c5 10. dxc6 Nxc6 11. Bg5 h6 12. Be3 Qa5 13. Nd5 Nxd5 14. cxd5 Nb8 15. Nd2 Nd7 16. Nc4 Qd8 17. Bd4 b5 18. Bxg7 Kxg7 19. Qd4+ Kh7 20. Ne3 Qb6 21. Qd2 Nf6 22. a4 a5 23. axb5 Qxb5 24. b4 a4 25. Nc2 Bd7 26. Nd4 Qb6 27. Nc6 Bxc6 28. dxc6 d5 29. Rfc1 Rac8 30. Qc3 Qb5 31. Qc5 Qxe2 32. b5 d4 33. b6 1-0

[Event "Voronezh Region-ch"]
[Site "Voronezh"]
[Date "2018.11.29"]
[Round "7"]
[White "Sakorenko, Adriana"]
[Black "Koshevarov, Alexander"]
[Result "1-0"]
[WhiteElo "2075"]
[BlackElo "2002"]
[PlyCount "89"]
[EventDate "2018.11.23"]
[EventType "swiss"]
[EventRounds "9"]
[EventCountry "RUS"]
[SourceTitle "CBM 188 Extra"]
[Source "ChessBase"]
[SourceDate "2019.02.26"]
[SourceVersion "1"]
[SourceVersionDate "2019.02.26"]
[SourceQuality "1"]

1. Nf3 f5 2. d3 Nf6 3. e4 d6 4. exf5 Bxf5 5. d4 Nbd7 6. Bc4 d5 7. Bd3 e6 8. 0-0 Bd6 9. Ng5 h6 10. Bxf5 Bxh2+ 11. Kxh2 hxg5+ 12. Kg1 exf5 13. Bxg5 Kf7 14. Nd2 Qf8 15. Bf4 g5 16. Bxg5 Rh5 17. f4 Ng4 18. Qf3 Qh8 19. Qxd5+ Kg6 20. g3 Rh1+ 21. Qxh1 Qxd4+ 22. Kg2 Qxd2+ 23. Kh3 Rh8+ 24. Bh4 Ne3 25. Qh2 Qxh2+ 26. Kxh2 Nxf1+ 27. Rxf1 Re8 28. Kg2 Re2+ 29. Rf2 Re1 30. Rd2 Nf6 31. g4 Re3 32. Bxf6 Kxf6 33. g5+ Kg6 34. Kf2 Rh3 35. Re2 Kh5 36. Re3 Rh2+ 37. Kg3 Rh1 38. Re6 Rg1+ 39. Kf2 Rc1 40. Rh6+ Kg4 41. g6 Rxc2+ 42. Ke3 Rg2 43. g7 Rg3+ 44. Kf2 Rf3+ 45. Ke2 1-0

[Event "Voronezh op-B 22nd"]
[Site "Voronezh"]
[Date "2018.06.20"]
[Round "9"]
[White "Savoskin, Vladimir"]
[Black "Koshevarov, Alexander"]
[Result "0-1"]
[WhiteElo "1743"]
[BlackElo "2030"]
[PlyCount "78"]
[EventDate "2018.06.12"]
[EventType "swiss"]
[EventRounds "9"]
[EventCountry "RUS"]
[SourceTitle "CBM 185 Extra"]
[Source "ChessBase"]
[SourceDate "2018.07.29"]
[SourceVersion "1"]
[SourceVersionDate "2018.07.29"]
[SourceQuality "1"]

1. b3 d5 2. Bb2 c5 3. e3 Nf6 4. Nf3 a6 5. Be2 Nc6 6. Ne5 Nxe5 7. Bxe5 Bd7 8. 0-0 Bc6 9. d4 Nd7 10. Bg3 g6 11. Nd2 Bg7 12. Nf3 0-0 13. Rc1 Qa5 14. a4 Rfd8 15. Bd3 Rac8 16. Qe2 Qc3 17. Rfd1 c4 18. bxc4 dxc4 19. Bxc4 Bxa4 20. Bd3 e5 21. Be4 b5 22. Bh4 Re8 23. dxe5 Nxe5 24. Nxe5 Bxe5 25. Qf3 Bb3 26. Bd5 Bxd5 27. Rxd5 Rc7 28. g3 h6 29. g4 Qc6 30. e4 a5 31. Rcd1 a4 32. Rxe5 Rxe5 33. Bg3 Re8 34. Bxc7 Qxc7 35. Qf6 Qxc2 36. Rd7 Qb1+ 37. Kg2 Qxe4+ 38. Kh3 Qe6 39. Qd4 h5 0-1